<?xml version="1.0" encoding="UTF-8"?>
<resp>
  <nextPage>https://data.bn.org.pl/api/networks/bibs.marcxml?marc=001+b1000000813260&amp;sinceId=1000000813261</nextPage>
  <collection>
    <record xmlns='http://www.loc.gov/MARC21/slim'><leader>06556nam a2201537 i 4500</leader><controlfield tag='001'>b1000000813260</controlfield><controlfield tag='005'>20260514090401.7</controlfield><controlfield tag='008'>201112s2020    pl           |000 f pol c</controlfield><controlfield tag='009'>9911719337205606</controlfield><datafield ind1=' ' ind2=' ' tag='015'><subfield code='a'>UWD 2020/39987</subfield></datafield><datafield ind1=' ' ind2=' ' tag='020'><subfield code='a'>9788366503816</subfield><subfield code='q'>(oprawa miękka) :</subfield><subfield code='c'>zł 36,99</subfield></datafield><datafield ind1=' ' ind2=' ' tag='035'><subfield code='a'>(OCoLC)1225221537</subfield></datafield><datafield ind1=' ' ind2=' ' tag='035'><subfield code='a'>(PL)b1000000813260</subfield></datafield><datafield ind1=' ' ind2=' ' tag='040'><subfield code='a'>LUBL M</subfield><subfield code='c'>LUBL M</subfield><subfield code='d'>LUBL M</subfield><subfield code='d'>WA N</subfield><subfield code='d'>KIEL W</subfield><subfield code='d'>KR U</subfield><subfield code='d'>WA N</subfield></datafield><datafield ind1=' ' ind2=' ' tag='046'><subfield code='k'>2020</subfield></datafield><datafield ind1=' ' ind2=' ' tag='080'><subfield code='a'>821.162.1-3</subfield></datafield><datafield ind1=' ' ind2=' ' tag='084'><subfield code='a'>06</subfield></datafield><datafield ind1='1' ind2=' ' tag='100'><subfield code='a'>Nerkowski, Wojciech</subfield><subfield code='d'>(1977- )</subfield><subfield code='e'>Autor</subfield></datafield><datafield ind1='1' ind2='0' tag='245'><subfield code='a'>Okrutnie piękny /</subfield><subfield code='c'>Wojciech Nerkowski.</subfield></datafield><datafield ind1=' ' ind2=' ' tag='250'><subfield code='a'>Wydanie pierwsze.</subfield></datafield><datafield ind1=' ' ind2=' ' tag='260'><subfield code='a'>Warszawa :</subfield><subfield code='b'>Lira Wydawnictwo,</subfield><subfield code='c'>2020.</subfield></datafield><datafield ind1=' ' ind2=' ' tag='300'><subfield code='a'>409, [7] stron ;</subfield><subfield code='c'>20 cm.</subfield></datafield><datafield ind1=' ' ind2=' ' tag='336'><subfield code='a'>Tekst</subfield><subfield code='b'>txt</subfield><subfield code='2'>rdacontent</subfield></datafield><datafield ind1=' ' ind2=' ' tag='337'><subfield code='a'>Bez urządzenia pośredniczącego</subfield><subfield code='b'>n</subfield><subfield code='2'>rdamedia</subfield></datafield><datafield ind1=' ' ind2=' ' tag='338'><subfield code='a'>Wolumin</subfield><subfield code='b'>nc</subfield><subfield code='2'>rdacarrier</subfield></datafield><datafield ind1=' ' ind2=' ' tag='380'><subfield code='a'>Książki</subfield></datafield><datafield ind1=' ' ind2=' ' tag='380'><subfield code='a'>Proza</subfield></datafield><datafield ind1=' ' ind2=' ' tag='386'><subfield code='m'>Przynależność kulturowa</subfield><subfield code='a'>Literatura polska</subfield></datafield><datafield ind1='1' ind2=' ' tag='388'><subfield code='a'>2001-</subfield></datafield><datafield ind1=' ' ind2='7' tag='650'><subfield code='a'>Atrakcyjność fizyczna</subfield><subfield code='2'>DBN</subfield></datafield><datafield ind1=' ' ind2='7' tag='650'><subfield code='a'>Zawód miłosny</subfield><subfield code='2'>DBN</subfield></datafield><datafield ind1=' ' ind2='7' tag='650'><subfield code='a'>Lekarze i lekarki</subfield><subfield code='2'>DBN</subfield></datafield><datafield ind1=' ' ind2='7' tag='650'><subfield code='a'>Relacje międzyludzkie</subfield><subfield code='2'>DBN</subfield></datafield><datafield ind1=' ' ind2='7' tag='650'><subfield code='a'>Śmierć</subfield><subfield code='2'>DBN</subfield></datafield><datafield ind1=' ' ind2='7' tag='650'><subfield code='a'>Wakacje</subfield><subfield code='2'>DBN</subfield></datafield><datafield ind1=' ' ind2='7' tag='651'><subfield code='a'>Cejlon (Sri Lanka ; wyspa)</subfield><subfield code='2'>DBN</subfield></datafield><datafield ind1=' ' ind2='7' tag='651'><subfield code='a'>Warszawa (woj. mazowieckie)</subfield><subfield code='2'>DBN</subfield></datafield><datafield ind1=' ' ind2='7' tag='655'><subfield code='a'>Sensacja (rodzaj/gatunek)</subfield><subfield code='2'>DBN</subfield></datafield><datafield ind1=' ' ind2='7' tag='655'><subfield code='a'>Powieść</subfield><subfield code='2'>DBN</subfield></datafield><datafield ind1='2' ind2=' ' tag='710'><subfield code='a'>Lira Wydawnictwo</subfield><subfield code='e'>Wydawca</subfield><subfield code='4'>pbl</subfield></datafield><datafield ind1=' ' ind2=' ' tag='852'><subfield code='8'>22767458850008415</subfield><subfield code='j'>1</subfield><subfield code='b'>KP</subfield><subfield code='p'>000034408902</subfield><subfield code='c'>WG</subfield><subfield code='z'>884-3 MAG</subfield></datafield><datafield ind1=' ' ind2=' ' tag='852'><subfield code='8'>22798423610008210</subfield><subfield code='j'>1</subfield><subfield code='b'>F02</subfield><subfield code='p'>10957723</subfield><subfield code='c'>lok02</subfield></datafield><datafield ind1=' ' ind2=' ' tag='852'><subfield code='8'>22100073780007662</subfield><subfield code='j'>0</subfield><subfield code='b'>06</subfield><subfield code='p'>4001326548</subfield><subfield code='c'>U06</subfield></datafield><datafield ind1=' ' ind2=' ' tag='852'><subfield code='8'>22767458850008415</subfield><subfield code='j'>1</subfield><subfield code='b'>KP</subfield><subfield code='p'>000034408896</subfield><subfield code='c'>WG</subfield><subfield code='z'>884-3 MAG</subfield></datafield><datafield ind1=' ' ind2=' ' tag='852'><subfield code='8'>22100073760007662</subfield><subfield code='j'>0</subfield><subfield code='b'>46</subfield><subfield code='p'>4001320004</subfield><subfield code='c'>U46</subfield></datafield><datafield ind1=' ' ind2=' ' tag='852'><subfield code='8'>22798423570008210</subfield><subfield code='j'>1</subfield><subfield code='b'>F11</subfield><subfield code='p'>12111733</subfield><subfield code='c'>lok11</subfield></datafield><datafield ind1=' ' ind2=' ' tag='852'><subfield code='8'>22798423570008210</subfield><subfield code='j'>1</subfield><subfield code='b'>F11</subfield><subfield code='p'>10993591</subfield><subfield code='c'>lok11</subfield></datafield><datafield ind1=' ' ind2=' ' tag='852'><subfield code='8'>225445200008216</subfield><subfield code='j'>1</subfield><subfield code='b'>KR_6_2</subfield><subfield code='p'>256000148833</subfield><subfield code='c'>BLIN_KS</subfield></datafield><datafield ind1=' ' ind2=' ' tag='852'><subfield code='8'>22798423590008210</subfield><subfield code='j'>1</subfield><subfield code='b'>F18</subfield><subfield code='p'>10834813</subfield><subfield code='c'>lok18</subfield></datafield><datafield ind1=' ' ind2=' ' tag='852'><subfield code='8'>22584434130005067</subfield><subfield code='j'>1</subfield><subfield code='h'>1.012.744 I A</subfield><subfield code='b'>BJ</subfield><subfield code='p'>1003039371</subfield><subfield code='c'>BJ_EGZ_A</subfield></datafield><datafield ind1=' ' ind2=' ' tag='852'><subfield code='8'>22584434100005067</subfield><subfield code='j'>1</subfield><subfield code='h'>B 858574 I</subfield><subfield code='b'>BJ</subfield><subfield code='p'>1003039372</subfield><subfield code='c'>BJ_MAG</subfield></datafield><datafield ind1=' ' ind2=' ' tag='852'><subfield code='8'>2246376220005069</subfield><subfield code='j'>1</subfield><subfield code='h'>96414 W</subfield><subfield code='b'>LUBL_M</subfield><subfield code='p'>1001024619</subfield><subfield code='c'>30000</subfield><subfield code='z'>oprawa miękka</subfield></datafield><datafield ind1=' ' ind2=' ' tag='852'><subfield code='8'>2243661580007665</subfield><subfield code='j'>1</subfield><subfield code='b'>48WBPOWYP</subfield><subfield code='p'>000-155214-C</subfield><subfield code='c'>WYPWYP</subfield></datafield><datafield ind1=' ' ind2=' ' tag='852'><subfield code='8'>2246308320005069</subfield><subfield code='j'>1</subfield><subfield code='h'>95708 W</subfield><subfield code='b'>LUBL_M</subfield><subfield code='p'>1001024066</subfield><subfield code='c'>30000</subfield><subfield code='z'>oprawa miękka</subfield></datafield><datafield ind1=' ' ind2=' ' tag='852'><subfield code='8'>22849634860008836</subfield><subfield code='j'>1</subfield><subfield code='b'>WBPL</subfield><subfield code='p'>230000303041</subfield><subfield code='c'>DUZIM_MG</subfield></datafield><datafield ind1=' ' ind2=' ' tag='852'><subfield code='8'>2293497170005068</subfield><subfield code='j'>1</subfield><subfield code='h'>Sensacja Ner Okr 164134/N Lit. polska</subfield><subfield code='b'>WBP-KIELCE</subfield><subfield code='p'>463148</subfield><subfield code='c'>WYP-WD</subfield></datafield><datafield ind1=' ' ind2=' ' tag='852'><subfield code='8'>2293497220005068</subfield><subfield code='j'>1</subfield><subfield code='h'>Sensacja Ner Okr 164132/N Lit. polska</subfield><subfield code='b'>WBP-KIELCE</subfield><subfield code='p'>463146</subfield><subfield code='c'>WYP-WD</subfield></datafield><datafield ind1=' ' ind2=' ' tag='852'><subfield code='8'>2293497190005068</subfield><subfield code='j'>1</subfield><subfield code='h'>164133/N</subfield><subfield code='b'>WBP-KIELCE</subfield><subfield code='p'>463147</subfield><subfield code='c'>WYP-MAG</subfield></datafield><datafield ind1=' ' ind2=' ' tag='852'><subfield code='8'>224806480007911</subfield><subfield code='j'>1</subfield><subfield code='b'>JAN_2_3</subfield><subfield code='p'>Wi.02538</subfield><subfield code='c'>F_WIP</subfield></datafield><datafield ind1=' ' ind2=' ' tag='852'><subfield code='8'>22100073740007662</subfield><subfield code='j'>1</subfield><subfield code='b'>57</subfield><subfield code='p'>4001319695</subfield><subfield code='c'>57</subfield></datafield><datafield ind1=' ' ind2=' ' tag='852'><subfield code='8'>2211648530008007</subfield><subfield code='j'>1</subfield><subfield code='b'>KRA_6_1</subfield><subfield code='p'>KRA_6_1_05163</subfield><subfield code='c'>KRA_6_1_1</subfield></datafield><datafield ind1=' ' ind2=' ' tag='852'><subfield code='8'>22674129680005066</subfield><subfield code='j'>1</subfield><subfield code='h'>3.562.100</subfield><subfield code='b'>BN_PL</subfield><subfield code='p'>30001024878829</subfield><subfield code='c'>bk8</subfield></datafield><datafield ind1=' ' ind2=' ' tag='852'><subfield code='8'>228496430007907</subfield><subfield code='j'>1</subfield><subfield code='b'>OPO_2</subfield><subfield code='p'>OW61456</subfield><subfield code='c'>OCK_W_DOR</subfield></datafield><datafield ind1=' ' ind2=' ' tag='852'><subfield code='8'>228023640007912</subfield><subfield code='j'>1</subfield><subfield code='b'>PAR_2_2</subfield><subfield code='p'>304000068641</subfield><subfield code='c'>FG</subfield></datafield><datafield ind1=' ' ind2=' ' tag='852'><subfield code='8'>2213294500007910</subfield><subfield code='j'>1</subfield><subfield code='b'>RAD_4_3</subfield><subfield code='p'>272000124097</subfield><subfield code='c'>FO</subfield></datafield><datafield ind1=' ' ind2=' ' tag='852'><subfield code='8'>2214129390007910</subfield><subfield code='j'>1</subfield><subfield code='b'>RAD_4_2</subfield><subfield code='p'>271000138677</subfield><subfield code='c'>FBD</subfield></datafield><datafield ind1=' ' ind2=' ' tag='852'><subfield code='8'>2213246940007910</subfield><subfield code='j'>1</subfield><subfield code='b'>RAD_6_1</subfield><subfield code='p'>111000209581</subfield><subfield code='c'>GBP</subfield></datafield><datafield ind1=' ' ind2=' ' tag='852'><subfield code='8'>225553440008218</subfield><subfield code='j'>1</subfield><subfield code='b'>TL_4_1</subfield><subfield code='p'>042943WD</subfield><subfield code='c'>TL_4_1_1</subfield></datafield><datafield ind1=' ' ind2=' ' tag='852'><subfield code='8'>226403280008218</subfield><subfield code='j'>1</subfield><subfield code='b'>TL_3_1</subfield><subfield code='p'>W03818</subfield><subfield code='c'>TL_3_1_1</subfield></datafield><datafield ind1=' ' ind2=' ' tag='852'><subfield code='8'>2217719430007766</subfield><subfield code='j'>1</subfield><subfield code='b'>F6_ZAM_1</subfield><subfield code='p'>10369198</subfield><subfield code='c'>ZAM1_F6_M</subfield><subfield code='z'>21072F6</subfield></datafield><datafield ind1=' ' ind2=' ' tag='852'><subfield code='8'>2228956570007766</subfield><subfield code='j'>1</subfield><subfield code='b'>ZAM_3_G</subfield><subfield code='p'>ZAM_3_033119</subfield><subfield code='c'>G</subfield></datafield><datafield ind1=' ' ind2=' ' tag='852'><subfield code='8'>2217719410007766</subfield><subfield code='j'>1</subfield><subfield code='b'>ZAM_3_G</subfield><subfield code='p'>M17740</subfield><subfield code='c'>UNASSIGNED</subfield></datafield><datafield ind1=' ' ind2=' ' tag='852'><subfield code='8'>2231707760007766</subfield><subfield code='j'>1</subfield><subfield code='b'>ZAM_2</subfield><subfield code='p'>ZAM_2_001908</subfield><subfield code='c'>GBPS</subfield></datafield><datafield ind1=' ' ind2=' ' tag='852'><subfield code='8'>2230283940007766</subfield><subfield code='j'>1</subfield><subfield code='b'>ZAM_4_GBP</subfield><subfield code='p'>40582</subfield><subfield code='c'>GBP_W</subfield></datafield><datafield ind1=' ' ind2=' ' tag='852'><subfield code='8'>226492090007768</subfield><subfield code='j'>1</subfield><subfield code='b'>KUT_1_BG</subfield><subfield code='p'>208238</subfield><subfield code='c'>6300</subfield></datafield><datafield ind1=' ' ind2=' ' tag='852'><subfield code='8'>2211184060007769</subfield><subfield code='j'>1</subfield><subfield code='b'>SKI_1_MBP</subfield><subfield code='p'>000185269000</subfield><subfield code='c'>0</subfield></datafield><datafield ind1=' ' ind2=' ' tag='852'><subfield code='8'>229822330007772</subfield><subfield code='j'>1</subfield><subfield code='b'>MBP</subfield><subfield code='p'>300121498000</subfield><subfield code='c'>MBP_WYPO</subfield></datafield><datafield ind1=' ' ind2=' ' tag='852'><subfield code='8'>2210289230007767</subfield><subfield code='j'>1</subfield><subfield code='b'>ZGI_6_K</subfield><subfield code='p'>K-12910</subfield><subfield code='c'>K</subfield></datafield><datafield ind1=' ' ind2=' ' tag='852'><subfield code='8'>229087570008003</subfield><subfield code='j'>1</subfield><subfield code='b'>LOW_1</subfield><subfield code='p'>800015915000</subfield><subfield code='c'>LOW_1_1</subfield></datafield><datafield ind1=' ' ind2=' ' tag='852'><subfield code='8'>2211287630008006</subfield><subfield code='j'>1</subfield><subfield code='b'>LO1_6_1</subfield><subfield code='p'>000040139000</subfield><subfield code='c'>LO1_6_1_1</subfield></datafield><datafield ind1=' ' ind2=' ' tag='852'><subfield code='8'>2229229460008004</subfield><subfield code='j'>1</subfield><subfield code='b'>SW1_1</subfield><subfield code='p'>SW1_1_00219</subfield><subfield code='c'>SW1_1_1</subfield></datafield><datafield ind1=' ' ind2=' ' tag='852'><subfield code='8'>2223810670008004</subfield><subfield code='j'>1</subfield><subfield code='b'>SW1_3_1</subfield><subfield code='p'>KK-0008051</subfield><subfield code='c'>SW1_3_1_1</subfield></datafield><datafield ind1=' ' ind2=' ' tag='852'><subfield code='8'>2217279750008005</subfield><subfield code='j'>1</subfield><subfield code='b'>SW2_4_4</subfield><subfield code='p'>MBPSF6-0023015</subfield><subfield code='c'>SW2_4_4_2</subfield></datafield><datafield ind1=' ' ind2=' ' tag='852'><subfield code='8'>2212047260008007</subfield><subfield code='j'>1</subfield><subfield code='b'>KRA_4</subfield><subfield code='p'>000006092400</subfield><subfield code='c'>KRA_4_1</subfield></datafield><datafield ind1=' ' ind2=' ' tag='852'><subfield code='b'>48OMNIS_NETWORK</subfield><subfield code='8'>9911719337205606</subfield></datafield><datafield ind1=' ' ind2=' ' tag='852'><subfield code='b'>48OMNIS_BE</subfield><subfield code='8'>991001645439707666</subfield></datafield><datafield ind1=' ' ind2=' ' tag='852'><subfield code='b'>48OMNIS_NLOP</subfield><subfield code='8'>991052830218705066</subfield></datafield><datafield ind1=' ' ind2=' ' tag='852'><subfield code='b'>48OMNIS_KPS</subfield><subfield code='8'>990008383210208415</subfield></datafield><datafield ind1=' ' ind2=' ' tag='852'><subfield code='b'>48OMNIS_MBP</subfield><subfield code='8'>990003482930207662</subfield></datafield><datafield ind1=' ' ind2=' ' tag='852'><subfield code='b'>48OMNIS_MBPG</subfield><subfield code='8'>991000961689708210</subfield></datafield><datafield ind1=' ' ind2=' ' tag='852'><subfield code='b'>48OMNIS_UJA</subfield><subfield code='8'>991016723228605067</subfield></datafield><datafield ind1=' ' ind2=' ' tag='852'><subfield code='b'>48OMNIS_WBPO</subfield><subfield code='8'>991001609289707665</subfield></datafield><datafield ind1=' ' ind2=' ' tag='852'><subfield code='b'>48OMNIS_MPL</subfield><subfield code='8'>991002509094705069</subfield></datafield><datafield ind1=' ' ind2=' ' tag='852'><subfield code='b'>48OMNIS_WBPL</subfield><subfield code='8'>991000707079708836</subfield></datafield><datafield ind1=' ' ind2=' ' tag='852'><subfield code='b'>48OMNIS_RPL</subfield><subfield code='8'>991003664595605068</subfield></datafield><datafield ind1=' ' ind2=' ' tag='852'><subfield code='b'>48OMNIS_JAN</subfield><subfield code='8'>991000202639607911</subfield></datafield><datafield ind1=' ' ind2=' ' tag='852'><subfield code='b'>48OMNIS_KR</subfield><subfield code='8'>991000016839608216</subfield></datafield><datafield ind1=' ' ind2=' ' tag='852'><subfield code='b'>48OMNIS_KRA</subfield><subfield code='8'>991000730969508007</subfield></datafield><datafield ind1=' ' ind2=' ' tag='852'><subfield code='b'>48OMNIS_OPO</subfield><subfield code='8'>9922012407907</subfield></datafield><datafield ind1=' ' ind2=' ' tag='852'><subfield code='b'>48OMNIS_ZAM</subfield><subfield code='8'>991003841011107766</subfield></datafield><datafield ind1=' ' ind2=' ' tag='852'><subfield code='b'>48OMNIS_LOW</subfield><subfield code='8'>991000149099708003</subfield></datafield><datafield ind1=' ' ind2=' ' tag='852'><subfield code='b'>48OMNIS_LO1</subfield><subfield code='8'>991000540029308006</subfield></datafield><datafield ind1=' ' ind2=' ' tag='852'><subfield code='8'>2238063410007666</subfield><subfield code='j'>1</subfield><subfield code='b'>F7</subfield><subfield code='p'>101060678000</subfield><subfield code='c'>F7DOROSLI</subfield></datafield><datafield ind1=' ' ind2=' ' tag='852'><subfield code='b'>48OMNIS_RAD</subfield><subfield code='8'>991000214299407910</subfield></datafield><datafield ind1=' ' ind2=' ' tag='852'><subfield code='b'>48OMNIS_KUT</subfield><subfield code='8'>991001103899707768</subfield></datafield><datafield ind1=' ' ind2=' ' tag='852'><subfield code='b'>48OMNIS_SKI</subfield><subfield code='8'>991001022699707769</subfield></datafield><datafield ind1=' ' ind2=' ' tag='852'><subfield code='b'>48OMNIS_SW1</subfield><subfield code='8'>991656976407108004</subfield></datafield><datafield ind1=' ' ind2=' ' tag='852'><subfield code='8'>22684686030005066</subfield><subfield code='j'>1</subfield><subfield code='h'>3.138.983 A</subfield><subfield code='b'>BN_PL</subfield><subfield code='p'>30001030038415</subfield><subfield code='c'>bk1</subfield></datafield><datafield ind1=' ' ind2=' ' tag='852'><subfield code='b'>48OMNIS_ZDU</subfield><subfield code='8'>991001196009707772</subfield></datafield><datafield ind1=' ' ind2=' ' tag='852'><subfield code='b'>48OMNIS_PAR</subfield><subfield code='8'>991000177409007912</subfield></datafield><datafield ind1=' ' ind2=' ' tag='852'><subfield code='8'>2238063360007666</subfield><subfield code='j'>1</subfield><subfield code='b'>F3</subfield><subfield code='p'>003053821000</subfield><subfield code='c'>F3DOROSLI</subfield></datafield><datafield ind1=' ' ind2=' ' tag='852'><subfield code='b'>48OMNIS_SW2</subfield><subfield code='8'>991000788289208005</subfield></datafield><datafield ind1=' ' ind2=' ' tag='852'><subfield code='b'>48OMNIS_TL</subfield><subfield code='8'>991000539919608218</subfield></datafield><datafield ind1=' ' ind2=' ' tag='852'><subfield code='8'>2238063430007666</subfield><subfield code='j'>1</subfield><subfield code='b'>F5</subfield><subfield code='p'>005033254000</subfield><subfield code='c'>F5DOROSLI</subfield></datafield><datafield ind1=' ' ind2=' ' tag='852'><subfield code='b'>48OMNIS_ZGI</subfield><subfield code='8'>991000102219307767</subfield></datafield><datafield ind1=' ' ind2=' ' tag='920'><subfield code='a'>978-83-66503-81-6 (oprawa miękka) : zł 36,99</subfield></datafield></record>
  </collection>
</resp>
